| 000 | 00463nam a22001937a 4500 | ||
|---|---|---|---|
| 003 | NUST | ||
| 005 | 20220211102053.0 | ||
| 008 | 170810b xxu||||| |||| 00| 0 eng d | ||
| 038 | _awaseem | ||
| 040 | _c0 | ||
| 082 | _a330.95491021 | ||
| 100 |
_aFederal Bureau of Statistics _93895 |
||
| 245 | _a50 Years of Pakistan in Statistics | ||
| 250 | _aVol No. III | ||
| 260 |
_aKarachi _bPrinting FBS _c1998 |
||
| 300 | _a400p | ||
| 563 | _aHBK. | ||
| 942 |
_cBK _2ddc |
||
| 999 |
_c2628 _d2628 |
||